00391nam a22001217a 4500020001600000082000800016100002500024245008900049260003400138300002700172650004700199700002300246 qHard Cover. a004 aAttia Nafees ul Haq. aPure Mental State Detection using Electroencephalogram (EEG) /cNafees ul Haq, Attia aIslamabad:bRCMS-NUST,c2021. a51 p. :bill. ;c30cm. aMS-Computational Science and Engineering . aDr. Shahzad Rasool